MCU Movies and Shows - Statistics

General Stats
  • This quiz has been taken 35 times
  • The average score is 49 of 76
Answer Stats
Projects % Correct
Iron Man
97%
Iron Man 2
97%
Iron Man 3
97%
The Avengers
97%
Thor
97%
Avengers: Age of Ultron
93%
Avengers: Endgame
93%
Avengers: Infinity War
93%
Captain America: The First Avenger
93%
The Incredible Hulk
93%
Black Panther
90%
Captain America: Civil War
90%
Captain Marvel
90%
Doctor Strange
90%
Spider-Man: Far from Home
90%
Spider-Man: Homecoming
90%
Wandavision
90%
Black Widow
86%
Captain America: The Winter Soldier
86%
Thor: Ragnarok
86%
Thor: The Dark World
86%
Ant-Man
83%
Black Panther: Wakanda Forever
83%
Guardians of the Galaxy
83%
Loki
83%
Ant-Man and the Wasp
79%
Daredevil
79%
Guardians of the Galaxy Vol. 2
79%
Spider-Man: No Way Home
79%
The Marvels
79%
Agents of SHIELD
76%
Guardians of the Galaxy Vol. 3
76%
Hawkeye
76%
The Falcon and the Winter Soldier
76%
Thor: Love and Thunder
76%
What If...?
76%
Doctor strange in the Multiverse of Madness
72%
Moon Knight
72%
Ant-Man and the Wasp: Quantumania
69%
Deadpool & Wolverine
69%
Ms. Marvel
69%
Shang-Chi and the Legend of the Ten Rings
69%
Eternals
62%
She-Hulk: Attorney at Law
62%
Agatha All Along
59%
Agent Carter
59%
Jessica Jones
59%
Echo
55%
Iron Fist
55%
Secret Invasion
55%
Luke Cage
52%
The Punisher
52%
Thunderbolts*
52%
Avengers: Doomsday
48%
Werewolf By Night
48%
Avengers: Secret Wars
45%
Blade
45%
The Defenders
45%
Cloak & Dagger
41%
Marvel Zombies
41%
The Fantastic Four: First Steps
41%
Captain America: Brave New World
38%
Guardians of the Galaxy Holiday Special
38%
Inhumans
38%
Ironheart
38%
Runaways
34%
Daredevil: Born Again
31%
Eyes of Wakanda
28%
Vision Quest
28%
Wonder Man
28%
Spider-Man 4
24%
Your Friendly Neighborhood Spider-man
24%
Item 47
14%
The Consultant
10%
All Hail the King
7%
Helstorm
7%
No matching quizzes found
Score Distribution
Percent of People with Each Score
Percentile by Number Answered
Your Score History
You have not taken this quiz